LIBRARY ONLINE CATALOGUE

The Miracle child : (Record no. 14503)

MARC details
000 -LEADER
fixed length control field 00568cam a22001812 4500
001 - CONTROL NUMBER
control field 0000009458
005 - DATE AND TIME OF LATEST TRANSACTION
control field 20151217160120.0
008 - FIXED-LENGTH DATA ELEMENTS--GENERAL INFORMATION
fixed length control field 081028s xx 000 0 eng d
020 ## - INTERNATIONAL STANDARD BOOK NUMBER
International Standard Book Number 0333934393 :
Terms of availability KES 900
040 ## - CATALOGING SOURCE
Original cataloging agency KABU
Transcribing agency KABU
100 1# - MAIN ENTRY--PERSONAL NAME
Personal name Laird, Elizabeth.
-- 0000160914
245 14 - TITLE STATEMENT
Title The Miracle child :
Remainder of title a story from Ethiopia /
Statement of responsibility, etc. told by Elizabeth Laird with Abba Aregawi Wolde Gabriel.
260 ## - PUBLICATION, DISTRIBUTION, ETC. (IMPRINT)
Place of publication, distribution, etc. Oxford :
Name of publisher, distributor, etc. Macmillan Education,
Date of publication, distribution, etc. 1985.
300 ## - PHYSICAL DESCRIPTION
Extent 32 p.
908 ## - PUT COMMAND PARAMETER (RLIN)
Put command parameter 081028
950 ## - LOCAL HOLDINGS (RLIN)
-- 1
Holdings
Withdrawn status Lost status Source of classification or shelving scheme Not for loan Home library Current library Date acquired Total Checkouts Full call number Barcode Date last seen Price effective from Koha item type
    Library of Congress Classification   Kabarak, Main Campus Kabarak, Main Campus 17/12/2015   PZ8.1 .L3M5 c. 1 15382 17/12/2015 17/12/2015 Children Collection